000 01134nam a22003497a 4500
001 046
003 DO-SdBNP
005 20180220095029.0
007 046
008 151005b 1990 sp a 00| 0 spa d
020 _a8434812886
040 _aBPMSU
_bspa
_cBPMSU
092 _aXXXX
_bXXXX
100 1 _aPerera, Hilda
245 1 0 _aKike /
_cHilda Perera ; ilustración Marina Seoane ; dirección de la colección Marinella Terzi
250 _a8a. ed.
260 _aMadrid :
_bEdiciones SM,
_c1990.
300 _a123 p. :
_bil. ;
_c19 cm.
490 0 _aEl barco de vapor
_v25
_6Serie Naranja
521 1 _aA partir de los 9 años
586 _aPremio Lazarillo, 1975
586 _aPremio Lazarillo, 1978
586 _aLista de honor de la Comisión Católica Española de la Infancia, 1980
586 _aPremio Nacional a la mejor labor editorial en literatura infantil y juvenil, 1982.
700 1 2 _aSeoane, Marina
_eil.
700 1 2 _aTerzi, Marinella
_edir. colección
830 0 _aBarco de vapor
_n25
_gSerie Naranja
910 _a202
942 _2ddc
_cBK
945 _aInventariado, 2018/ YL
956 _aYLOCKWARD
_b10
_cBPMSU
999 _c8402
_d8402